| 000 | 00563nam a2200229Ia 4500 | ||
|---|---|---|---|
| 003 | OSt | ||
| 005 | 20231016165646.0 | ||
| 008 | 210210b1923 xxu||||| |||| 00| 0 eng d | ||
| 040 | _cAL | ||
| 041 | _aeng | ||
| 082 | _a823/261 | ||
| 100 |
_aSHAKESPEARE (William) _9138243 |
||
| 245 | _aMuch ado about nothing | ||
| 260 |
_aCambridge _bAt the University Press _c1923 |
||
| 650 |
_anothing _9138244 |
||
| 650 |
_aMuch _9138245 |
||
| 650 |
_aado _9138246 |
||
| 650 |
_aabout _9138247 |
||
| 690 |
_aEnglish Drama _9138248 |
||
| 906 | _a013806 | ||
| 942 |
_2ddc _cBK |
||
| 999 |
_c132873 _d132873 |
||